• 首页
  • 本馆介绍
  • 公告通知
  • 最新文献
  • 馆藏检索
  • 电子资源
  • 读者导购
  • 参考咨询
  • 我的图书馆
  • 登录
  • 详细信息显示
  • 放入我的书架
  • 预约/预借图书
  • 作者相关作品
  • 分类相关作品
  • 丛书相关作品
  • 出版社相关作品

书目信息

  • 表格格式
  • 工作单格式
  • 卡片格式
题名:
中国高校摄影教育理论研究
    
 
作者: 张宗寿 主编
分册:  
出版信息: 成都   电子科技大学出版社  1996
页数: 344页
开本: 20cm
丛书名:
单 册:
中图分类: J40
科图分类:
主题词: 摄影--高等教育--教育理论--中国 , 摄影 , 教育理论 , 摄影艺术--艺术理论
电子资源:
ISBN: 7-81043-619-8
000 00846nam0 2200265 45
001 012006050101
005 20070108102701.98
010    @a7-81043-619-8@dCNY27.50
092    @aCN@b492877
100    @a20060501e20051996em y0chiy0120 ea
101 0  @achi
102    @aCN@b510000
105    @ay z 000yy
200 1  @a中国高校摄影教育理论研究@9zhong guo gao xiao she ying jiao yu li lun yan jiu@f张宗寿主编
210    @a成都@c电子科技大学出版社@d1996@h2005重印
215    @a344页@d20cm
330    @a本书主要内容:有关摄影专业教学的几点思考;艺术摄影教学的中心环节探究;中国摄影教育概述等。
606 0  @a摄影@x高等教育@x教育理论@y中国
606 0  @a摄影
606 0  @a教育理论
606 0  @a摄影艺术@x艺术理论
690    @aJ40@v4
701  0 @a张宗寿@9zhang zong shou@4主编
801  0 @aCN@bLZJBOOK@c20070108
905    @a10447@dJ40@e189
    
    中国高校摄影教育理论研究/张宗寿主编.-成都:电子科技大学出版社,1996(2005重印)
    344页;20cm
    
    
    ISBN 7-81043-619-8:CNY27.50
    本书主要内容:有关摄影专业教学的几点思考;艺术摄影教学的中心环节探究;中国摄影教育概述等。
●
相关链接 在E读中查询图书 在五车中查询图书 在当当中查询图书 在豆瓣中查询图书


正题名:中国高校摄影教育理论研究     索取号:J40/189         预约/预借

序号 登录号 条形码 馆藏地/架位号 状态 备注
1 0554052   205540529   第一样本阅览室/ [索取号:J40/189] 在馆    
2 0554053   205540538   第一借阅区/ [索取号:J40/189] 在馆    
3 0554054   205540547   第一借阅区/ [索取号:J40/189] 在馆    
4 0554055   205540556   第一借阅区/ [索取号:J40/189] 在馆    
5 0554056   205540565   第一借阅区/ [索取号:J40/189] 在馆    
6 0554057   205540574   第一借阅区/ [索取号:J40/189] 在馆    
7 0554058   205540583   第一借阅区/ [索取号:J40/189] 在馆    
8 0554059   205540592   第一借阅区/ [索取号:J40/189] 在馆    
唐山师范学院图书馆 欢迎您!
大连网信软件有限公司© 版权所有